000 00564nam a2200193 a 4500
001 6590
003 CO-ViMGA
008 141112s2004 ck r 000 u spa d
020 _a8476951310
040 _aCO-ViMGA
_bspa
_cCO-ViMGA
082 0 4 _a346.066 S817
100 1 _aSuarez González, Carlos
_95446
245 1 0 _aLas declaraciones de patrocinio :
_bestudio sobre las denominadas cartas de confort
260 _aMadrid :
_bLa Ley,
_c1994
300 _a275 p
650 1 4 _aCONTRATOS
_948178
650 1 4 _aSOCIEDADES - DOCUMENTOS PREVIOS
_95447
942 _2ddc
_cBK
999 _c18560
_d18560